Soul of Spain (The), vol.2 (Lp Ss 556) (Record n. 102299)

Dettagli MARC
000 -LEADER
fixed length control field 01224njm a2200325Ia 4500
001 - CONTROL NUMBER
control field 23884
003 - CONTROL NUMBER IDENTIFIER
control field IT-RoPAU
005 - DATE AND TIME OF LATEST TRANSACTION
control field 20220918181153.0
008 - FIXED-LENGTH DATA ELEMENTS--GENERAL INFORMATION
fixed length control field 131025s9999 xx 000 0 und d
040 ## - CATALOGING SOURCE
Original cataloging agency IT-RoPAU
040 ## - CATALOGING SOURCE
Transcribing agency IT-RoPAU
999 ## - SYSTEM CONTROL NUMBERS (KOHA)
Koha Dewey Subclass [OBSOLETE] n.d.
100 ## - MAIN ENTRY--PERSONAL NAME
Personal name AA.VV.
9 (RLIN) 794
100 ## - MAIN ENTRY--PERSONAL NAME
Relator term Autore musica
9 (RLIN) 6958
100 ## - MAIN ENTRY--PERSONAL NAME
Miscellaneous information Codice autore musica SPICS: 12000
9 (RLIN) 796
245 ## - TITLE STATEMENT
Title Soul of Spain (The), vol.2 (Lp Ss 556)
250 ## - EDITION STATEMENT
Edition statement 1a ed.
260 ## - PUBLICATION, DISTRIBUTION, ETC. (IMPRINT)
Place of publication, distribution, etc. MILANO
260 ## - PUBLICATION, DISTRIBUTION, ETC. (IMPRINT)
Name of publisher, distributor, etc. BLUEBELL RECORDS
300 ## - PHYSICAL DESCRIPTION
Extent DISCO
500 ## - GENERAL NOTE
General note Musica folk spagnola.
505 ## - FORMATTED CONTENTS NOTE
Formatted contents note Granada - El relicario - Cantina toreros - The Breeze and I - Matador - Le Cid - Valencia
511 ## - PARTICIPANT OR PERFORMER NOTE
Participant or performer note Ballet Espanole Featuring Manuel Dias
650 ## - SUBJECT ADDED ENTRY--TOPICAL TERM
Topical term or geographic name as entry element FOLK [DISCHI]
Relator term Codice MATERIA SPICS: 9950
9 (RLIN) 1209
700 ## - ADDED ENTRY--PERSONAL NAME
Personal name Lara Augustin
Dates associated with a name Codice autore musica SPICS: 14008
Relator term Autore musica
Name of part/section of a work Granada
9 (RLIN) 6959
700 ## - ADDED ENTRY--PERSONAL NAME
Personal name Kuhn
Dates associated with a name Codice autore musica SPICS: 14009
Relator term Autore musica
Name of part/section of a work El relicario - Cantina toreros - Matador - Le Cid
9 (RLIN) 6960
700 ## - ADDED ENTRY--PERSONAL NAME
Personal name Lecuona M.
Dates associated with a name Codice autore musica SPICS: 14010
Relator term Autore musica
Name of part/section of a work The Breeze and I
9 (RLIN) 6961
700 ## - ADDED ENTRY--PERSONAL NAME
Personal name Padilla
Dates associated with a name Codice autore musica SPICS: 14011
Relator term Autore musica
Name of part/section of a work Valencia
9 (RLIN) 6962
942 ## - ADDED ENTRY ELEMENTS (KOHA)
Koha item type DISCHI
Source of classification or shelving scheme Dewey Decimal Classification
Dati di copia
Withdrawn status Lost status Damaged status Not for loan Home library Current library Date acquired Total Checkouts Full call number Date last seen Price effective from Koha item type Public note
    Buone Condizioni Not For Loan SPICS-MEDIATECA SPICS-MEDIATECA 25/10/2013   23884 25/10/2013 25/10/2013 DISCHI Progr. Ins.: 4731 / N.Vol.: 1 / Copie: 1 - Copia rara: n.d. / date import: 01.01.2014 - By Epidotti, Trombetti, Vaglietti
CREDITS: SOCIETA' SAN PAOLO Via A.Severo, 58 - ROMA (RM) & PERIODICI SAN PAOLO SRL Via Giotto, 36 MILANO & CISF Via Giotto, 36 MILANO & EDIZIONI SAN PAOLO SRL,  Piazza Soncino, 5 CINISELLO BALSAMO (MI) -- ITALY